Statistics for "Tomorrow and tomorrow and tomorrow" - William Shakespeare's "Macbeth"

Click here to take the quiz!

General Stats

  • This quiz has been taken 72 times
  • The average score is 60 of 90

Answer Stats

Answer% Correct
a
98%
a
98%
a
98%
a
98%
a
98%
to
98%
To
98%
to
98%
an
96%
and
96%
And
96%
and
96%
and
96%
and
96%
And
96%
Tomorrow,
96%
Tomorrow,
96%
Tomorrow,
96%
the
79%
the
79%
The
79%
no
77%
day
75%
day
75%
creeps
70%
have
70%
have
70%
have
70%
in
70%
of
70%
of
70%
petty
70%
this
70%
by
68%
from
68%
is
68%
is
68%
pace
68%
nothing.
66%
stage
66%
candle!
64%
idiot,
64%
Signifying
64%
then
64%
Told
64%
but
63%
all
61%
brief
61%
Out,
61%
out,
61%
player
61%
time,
61%
time
61%
his
59%
it
59%
more:
59%
our
59%
poor
59%
That
59%
fury,
57%
shadow,
57%
sound
57%
tale
57%
upon
57%
yesterdays
57%
heard
55%
Life's
55%
struts
55%
full
54%
hour
54%
last
54%
She
54%
frets
52%
recorded
52%
should
52%
walking
52%
death.
50%
died
50%
lighted
50%
syllable
50%
dusty
48%
fools
48%
for
48%
way
48%
would
48%
hereafter;
45%
There
41%
been
39%
word.
36%
such
34%

Score Distribution

Percentile by Number Answered

Percent of People with Each Score

Your Score History

You have not taken this quiz